<?xml version="1.0" encoding="UTF-8"?><?xml-stylesheet type="text/xsl" href="static/style.xsl"?><OAI-PMH xmlns="http://www.openarchives.org/OAI/2.0/" xmlns:xsi="http://www.w3.org/2001/XMLSchema-instance" xsi:schemaLocation="http://www.openarchives.org/OAI/2.0/ http://www.openarchives.org/OAI/2.0/OAI-PMH.xsd"><responseDate>2026-04-29T19:07:20Z</responseDate><request verb="GetRecord" identifier="oai:repisalud.isciii.es:20.500.12105/27106" metadataPrefix="marc">https://repisalud.isciii.es/rest/oai/request</request><GetRecord><record><header><identifier>oai:repisalud.isciii.es:20.500.12105/27106</identifier><datestamp>2025-12-27T01:20:20Z</datestamp><setSpec>com_20.500.12105_26872</setSpec><setSpec>com_20.500.12105_5568</setSpec><setSpec>com_20.500.12105_2404</setSpec><setSpec>com_20.500.12105_2403</setSpec><setSpec>col_20.500.12105_26931</setSpec></header><metadata><record xmlns="http://www.loc.gov/MARC21/slim" xmlns:dcterms="http://purl.org/dc/terms/" xmlns:doc="http://www.lyncode.com/xoai" xmlns:xsi="http://www.w3.org/2001/XMLSchema-instance" xsi:schemaLocation="http://www.loc.gov/MARC21/slim http://www.loc.gov/standards/marcxml/schema/MARC21slim.xsd">
   <leader>00925njm 22002777a 4500</leader>
   <datafield ind2=" " ind1=" " tag="042">
      <subfield code="a">dc</subfield>
   </datafield>
   <datafield ind2=" " ind1=" " tag="720">
      <subfield code="a">Aznar-Cano, Esteban</subfield>
      <subfield code="e">author</subfield>
   </datafield>
   <datafield ind2=" " ind1=" " tag="720">
      <subfield code="a">Santos-Larrégola, Laura</subfield>
      <subfield code="e">author</subfield>
   </datafield>
   <datafield ind2=" " ind1=" " tag="720">
      <subfield code="a">Cifo, Daniel</subfield>
      <subfield code="e">author</subfield>
   </datafield>
   <datafield ind2=" " ind1=" " tag="720">
      <subfield code="a">Gomez-Barroso, Diana</subfield>
      <subfield code="e">author</subfield>
   </datafield>
   <datafield ind2=" " ind1=" " tag="720">
      <subfield code="a">Gonzalez-Barrio, David</subfield>
      <subfield code="e">author</subfield>
   </datafield>
   <datafield ind2=" " ind1=" " tag="720">
      <subfield code="a">Estevez-Reboredo, Rosa Maria</subfield>
      <subfield code="e">author</subfield>
   </datafield>
   <datafield ind2=" " ind1=" " tag="260">
      <subfield code="c">2025-09-30</subfield>
   </datafield>
   <datafield ind2=" " ind1=" " tag="520">
      <subfield code="a">[ES] Introducción: La fiebre Q es una zoonosis causada por Coxiella burnetii, bacteria altamente infectiva. España es el país europeo que más casos notifica anualmente. Método: Análisis descriptivo de los casos autóctonos de fiebre Q notificados a la Red Nacional de Vigilancia Epidemiológica en el periodo 2020-2024. Se analizaron variables de tiempo, lugar y persona, calculando frecuencias, porcentajes y tasas de notificación (TN). Se realizaron mapas. Resultados: En 2024 se notificaron 544 casos (TN=1,12), ambos valores máximos para el periodo 2020-2024. Se modificó la estacionalidad, con aumento de casos en enero y febrero. Andalucía notificó el mayor número de casos y la Comunidad Foral de Navarra mostró la TN más alta. Discusión: El aumento de casos se podría atribuir a mejor notificación. Los hombres mayores de 45 años son el principal grupo de riesgo. [EN] Introduction: Q fever is caused by Coxiella burnetii, a highly infectious and resistant bacterium. Spain notifies the highest number of cases in Europe. Method: A descriptive analysis of autochthonous cases notified to RENAVE in the 2020-2024 period. Variables of person, place and time were analysed by calculating frequencies, percentages and notification rates (NR). Disease maps were generated. Results: In 2024, 544 cases were notified (NR= 1.12), both maximum values for the period 2020-2024. Seasonality shifted, with increased cases in January and February. Andalusia notified the highest number of cases and Navarre the highest NR. Discussion: The increase of cases is likely related to improved disease notification. Men over 45 years old are occupationally at-risk. A One Health approach is recommended.</subfield>
   </datafield>
   <datafield ind1="8" ind2=" " tag="024">
      <subfield code="a">Cifo D, Gómez-Barroso D, González-Barrio D, Aznar-Cano E, Santos-Larrégola L, Estévez-Reboredo RM. Análisis epidemiológico de la fiebre Q humana en España (2020–2024). Boletín Epidemiológico Semanal. 2025;33(3):164-171.</subfield>
   </datafield>
   <datafield ind1="8" ind2=" " tag="024">
      <subfield code="a">2173-9277</subfield>
   </datafield>
   <datafield ind1="8" ind2=" " tag="024">
      <subfield code="a">Boletín Epidemiológico Semanal 2025 - Vol 33 (3), Tercer Trimestre 2025</subfield>
   </datafield>
   <datafield ind1="8" ind2=" " tag="024">
      <subfield code="a">https://hdl.handle.net/20.500.12105/27106</subfield>
   </datafield>
   <datafield tag="653" ind2=" " ind1=" ">
      <subfield code="a">Fiebre Q</subfield>
   </datafield>
   <datafield tag="653" ind2=" " ind1=" ">
      <subfield code="a">Coxiella burnetii</subfield>
   </datafield>
   <datafield tag="653" ind2=" " ind1=" ">
      <subfield code="a">zoonosis</subfield>
   </datafield>
   <datafield tag="653" ind2=" " ind1=" ">
      <subfield code="a">vigilancia epidemiológica</subfield>
   </datafield>
   <datafield tag="653" ind2=" " ind1=" ">
      <subfield code="a">España</subfield>
   </datafield>
   <datafield tag="653" ind2=" " ind1=" ">
      <subfield code="a">Q fever</subfield>
   </datafield>
   <datafield tag="653" ind2=" " ind1=" ">
      <subfield code="a">Coxiella burnetii</subfield>
   </datafield>
   <datafield tag="653" ind2=" " ind1=" ">
      <subfield code="a">zoonoses</subfield>
   </datafield>
   <datafield tag="653" ind2=" " ind1=" ">
      <subfield code="a">epidemiological surveillance</subfield>
   </datafield>
   <datafield tag="653" ind2=" " ind1=" ">
      <subfield code="a">Spain</subfield>
   </datafield>
   <datafield ind2="0" ind1="0" tag="245">
      <subfield code="a">Análisis epidemiológico de la fiebre Q humana en España (2020–2024)</subfield>
   </datafield>
</record></metadata></record></GetRecord></OAI-PMH>